Normal view
MARC view
- حقوق الانسان
Entry Topical Term
001 - CONTROL NUMBER
- control field: 64440
003 - CONTROL NUMBER IDENTIFIER
- control field: JO-AjAnu
005 - DATE AND TIME OF LATEST TRANSACTION
- control field: 20230606084523.0
008 - FIXED-LENGTH DATA ELEMENTS
- fixed length control field: 230606|| aca||aabn | a|a d
040 ## - CATALOGING SOURCE
- Original cataloging agency: JO-AjAnu
- Transcribing agency: JO-AjAnu
150 ## - HEADING--TOPICAL TERM
- Topical term or geographic name entry element: حقوق الانسان
670 ## - SOURCE DATA FOUND
- Source citation: Work cat.: (JO-AjAnu)32935: محمد، محمود توفيق محمد؛ تقديم احمد ابو الوفاء, author 64439, حماية الانسان في حالات الكوارث الطبيعية في ضوء القانون الدولي العام والشريعة الاسلامية: دراسة مقارنة